[Event "11th dMP Batavia GM 2019"]
[Site "Amsterdam NED"]
[Date "2019.03.01"]
[Round "1"]
[White "Arutinian,D"]
[Black "Lahaye,R"]
[Result "1-0"]
[WhiteElo "2552"]
[BlackElo "2411"]
[EventDate "2019.02.28"]

1. Nf3 d5 2. e3 Nf6 3. c4 e6 4. b3 Be7 5. Bb2 O-O 6. Nc3 Nbd7 7. Qc2 c6 8.
d4 a6 9. Bd3 h6 10. O-O b5 11. c5 Qc7 12. h3 Re8 13. a3 Bf8 14. e4 dxe4 15.
Nxe4 Nd5 16. Rfe1 Bb7 17. Ng3 f5 18. Nh4 Be7 19. Ng6 Nf8 20. Ne5 Bf6 21.
Nh5 Bxe5 22. Rxe5 Qf7 23. Ng3 Ng6 24. Ree1 Nh4 25. Bf1 Rad8 26. Rad1 Bc8
27. Bc1 f4 28. Ne4 Qg6 29. Kh2 e5 30. f3 exd4 31. Rxd4 Nf5 32. Rd3 Nfe3 33.
Bxe3 Nxe3 34. Qf2 Nxf1+ 35. Qxf1 Rxd3 36. Qxd3 Bf5 37. b4 Kh7 38. Kh1 Bxe4
39. Rxe4 Re5 40. Kg1 Rxe4 41. fxe4 Qe6 42. Kf2 g5 43. Kf3 Kg6 44. e5+ Kg7
45. Qd6 Qb3+ 46. Kg4 Qc2 47. Qf6+ Kg8 48. Qe6+ Kg7 49. Qe7+ Kg8 50. Kh5
Qxg2 51. Kg6 Qe4+ 52. Kf6 1-0

[Event "11th dMP Batavia GM 2019"]
[Site "Amsterdam NED"]
[Date "2019.03.01"]
[Round "1"]
[White "Warmerdam,Max"]
[Black "Meissner,F"]
[Result "1-0"]
[WhiteElo "2450"]
[BlackElo "2378"]
[EventDate "2019.02.28"]

1. e4 e6 2. d4 d5 3. Nc3 Bb4 4. e5 c5 5. a3 cxd4 6. axb4 dxc3 7. bxc3 Qc7
8. Nf3 Nc6 9. Bb5 Bd7 10. O-O Nge7 11. Qe2 Ng6 12. Re1 O-O 13. Bd3 f5 14.
h4 h6 15. h5 Nh8 16. b5 Na5 17. Ba3 Rfe8 18. Bd6 Qd8 19. Bb4 Nc4 20. Bxc4
dxc4 21. Qxc4 Qc8 22. Qd3 a6 23. c4 Rd8 24. Be7 Re8 25. Bd6 Rd8 26. Nd4 Be8
27. bxa6 bxa6 28. c5 Nf7 29. Qc4 Nxd6 30. exd6 Rxd6 31. Nxf5 Rd7 32. Qxe6+
Kh8 33. Nd6 Qxc5 34. Nxe8 Rd2 35. Qf7 1-0

[Event "11th dMP Batavia GM 2019"]
[Site "Amsterdam NED"]
[Date "2019.03.01"]
[Round "1"]
[White "Pijpers,A"]
[Black "Kuipers,S"]
[Result "1/2-1/2"]
[WhiteElo "2490"]
[BlackElo "2455"]
[EventDate "2019.02.28"]

1. e4 e6 2. d4 d5 3. Nc3 Nf6 4. e5 Nfd7 5. f4 c5 6. Nf3 Nc6 7. Be3 a6 8.
Qd2 b5 9. a3 Qa5 10. Be2 b4 11. Nd1 Rb8 12. dxc5 Bxc5 13. axb4 Qxb4 14.
Qxb4 Nxb4 15. Kd2 f6 16. Bxc5 Nxc5 17. Nd4 Rb6 18. Nc3 Bd7 19. Bh5+ g6 20.
Bf3 fxe5 21. fxe5 Nc6 22. Nxc6 Bxc6 23. Ne2 Rb4 24. b3 Ke7 25. Kc3 Rb6 26.
Nd4 Rc8 27. Kd2 Rb4 28. Kc3 Rb6 29. Kd2 Rb4 30. Ke3 Bb7 31. Rhe1 Nd7 32.
Kd3 Nc5+ 33. Ke3 Nd7 34. Kd3 Nc5+ 35. Ke3 Nd7 1/2-1/2

[Event "11th dMP Batavia GM 2019"]
[Site "Amsterdam NED"]
[Date "2019.03.02"]
[Round "2"]
[White "Meissner,F"]
[Black "Pijpers,A"]
[Result "1/2-1/2"]
[WhiteElo "2378"]
[BlackElo "2490"]
[EventDate "2019.02.28"]

1. d4 d5 2. Nf3 Nf6 3. g3 c5 4. Bg2 cxd4 5. O-O h6 6. Nxd4 e5 7. Nb3 Nc6 8.
c4 Be6 9. cxd5 Nxd5 10. Nc3 Nxc3 11. bxc3 Be7 12. Be3 O-O 13. Nc5 Bxc5 14.
Bxc5 Re8 15. Qa4 Qd2 16. Qb5 Qxc3 17. Rac1 Nd4 18. Bxd4 Qxd4 19. Bxb7 Rab8
20. Rfd1 Qb6 21. Qxb6 axb6 22. Bd5 Bxd5 23. Rxd5 Rbd8 24. Rxd8 Rxd8 25. Rc6
Rd2 26. e3 Rxa2 27. Rxb6 1/2-1/2

[Event "11th dMP Batavia GM 2019"]
[Site "Amsterdam NED"]
[Date "2019.03.02"]
[Round "2"]
[White "Arutinian,D"]
[Black "Warmerdam,Max"]
[Result "1/2-1/2"]
[WhiteElo "2552"]
[BlackElo "2450"]
[EventDate "2019.02.28"]

1. Nf3 Nf6 2. c4 c5 3. Nc3 d5 4. cxd5 Nxd5 5. e3 Nxc3 6. dxc3 Qc7 7. e4 e6
8. Be3 Be7 9. Nd2 O-O 10. Bd3 Rd8 11. Qe2 Nd7 12. O-O b6 13. f4 Nf6 14.
Rad1 Ng4 15. Bc2 Nxe3 16. Qxe3 Ba6 17. Rfe1 Rd7 18. Nf3 Rad8 19. Rxd7 Rxd7
20. e5 g6 21. f5 Bb7 22. fxe6 fxe6 23. Be4 Bf8 24. h4 Bd5 25. Bxd5 Rxd5 26.
c4 Rd8 27. h5 Qf7 28. Nh4 Rd4 29. hxg6 hxg6 30. Rf1 Qh7 31. Nf3 Bh6 32. Qe2
Qd7 33. Nxd4 Qxd4+ 34. Kh1 Qh4+ 35. Kg1 Qd4+ 36. Kh1 Qh4+ 1/2-1/2

[Event "11th dMP Batavia GM 2019"]
[Site "Amsterdam NED"]
[Date "2019.03.02"]
[Round "2"]
[White "Williams,Si1"]
[Black "Lopez,Ja"]
[Result "0-1"]
[WhiteElo "2471"]
[BlackElo "2388"]
[EventDate "2019.02.28"]

1. d4 d5 2. c4 e6 3. Nc3 Bb4 4. Nf3 Nf6 5. e3 O-O 6. Bd2 c5 7. dxc5 Nc6 8.
Be2 Bxc5 9. cxd5 exd5 10. O-O Re8 11. Rc1 a6 12. Nb5 Bb6 13. Nbd4 Qd6 14.
Bd3 Ne4 15. Qc2 Bd7 16. Bc3 Rac8 17. Nxc6 Bxc6 18. Bxe4 dxe4 19. Nd4 Bc7
20. g3 Bd7 21. f4 Bg4 22. Qf2 Bb6 23. Nb3 Qd5 24. Bd4 Bxd4 25. Nxd4 Qxa2
26. f5 f6 27. Ne6 Qa5 28. Nd4 Qb6 29. Qd2 h5 30. b4 Kh7 31. Qb2 Qd6 32. Qb3
Rxc1 33. Rxc1 Qd7 34. Rc5 Re5 35. Rxe5 fxe5 36. Ne6 Kh6 37. Nc5 Qxf5 38.
Qc2 Qf3 39. Qd2 Bh3 0-1

[Event "11th dMP Batavia GM 2019"]
[Site "Amsterdam NED"]
[Date "2019.03.03"]
[Round "3"]
[White "Pijpers,A"]
[Black "Arutinian,D"]
[Result "1/2-1/2"]
[WhiteElo "2490"]
[BlackElo "2552"]
[EventDate "2019.02.28"]

1. e4 c5 2. Nf3 Nc6 3. d4 cxd4 4. Nxd4 g6 5. c4 Bg7 6. Be3 Nf6 7. Nc3 d6 8.
Be2 O-O 9. O-O Bd7 10. h3 Nxd4 11. Bxd4 Be6 12. Rc1 Qa5 13. Nd5 Nxe4 14.
Nxe7+ Kh8 15. Bf3 Nd2 16. Bxg7+ Kxg7 17. Bxb7 Rae8 18. Nc6 Qg5 19. h4 Qf4
20. g3 Nf3+ 21. Kg2 Qe4 22. Nd8 d5 23. Bxd5 Nxh4+ 24. Kg1 Bxd5 25. Qxd5
Qxd5 26. cxd5 Rxd8 27. gxh4 Rxd5 28. Rc7 Rb8 29. Rxa7 Rxb2 30. Ra4 Rdd2 31.
Kg2 Rxa2 32. Rxa2 Rxa2 33. Kg3 Kh6 34. Rb1 Ra7 35. Rb5 f5 36. f3 Kh5 37.
Rb4 h6 38. Rc4 Ra3 39. Rb4 g5 40. hxg5 hxg5 41. Kg2 Ra2+ 42. Kh3 Ra3 43.
Kg2 f4 44. Rb8 Ra2+ 45. Kh3 Rf2 46. Rh8+ Kg6 47. Rg8+ Kf6 48. Rxg5 Rxf3+
49. Kg2 1/2-1/2

[Event "11th dMP Batavia GM 2019"]
[Site "Amsterdam NED"]
[Date "2019.03.03"]
[Round "3"]
[White "Leenhouts,K"]
[Black "Meissner,F"]
[Result "0-1"]
[WhiteElo "2443"]
[BlackElo "2378"]
[EventDate "2019.02.28"]

1. d4 d5 2. c4 Nc6 3. Nc3 dxc4 4. d5 Na5 5. Bf4 Bd7 6. Nf3 b5 7. e4 b4 8.
Na4 e6 9. Ne5 Nf6 10. Nxc4 Nxc4 11. Bxc4 exd5 12. Bb3 c6 13. O-O Be7 14. e5
Ne4 15. Rc1 O-O 16. f3 Ng5 17. Be3 f6 18. exf6 Bxf6 19. Nc5 Nf7 20. Qd2 a5
21. Ba4 Rc8 22. Nxd7 Qxd7 23. Rc5 Qe6 24. Bf2 Ne5 25. Re1 Qf5 26. Bc2 Qh5
27. Qe2 Rfe8 28. Qf1 Bd8 29. Qa6 Bc7 30. h3 Nxf3+ 31. gxf3 Qxh3 32. Re2
Bh2+ 33. Kh1 Bg3+ 34. Kg1 Qh2+ 35. Kf1 Bxf2 0-1

[Event "11th dMP Batavia GM 2019"]
[Site "Amsterdam NED"]
[Date "2019.03.03"]
[Round "3"]
[White "Lopez,Ja"]
[Black "Kuipers,S"]
[Result "1-0"]
[WhiteElo "2388"]
[BlackElo "2455"]
[EventDate "2019.02.28"]

1. d4 d5 2. c4 c6 3. Nf3 Nf6 4. Nc3 e6 5. e3 Nbd7 6. Bd3 dxc4 7. Bxc4 b5 8.
Bd3 Bb7 9. e4 a6 10. e5 Nd5 11. Nxd5 cxd5 12. O-O Be7 13. Re1 h6 14. Be3
Qb6 15. Rc1 a5 16. Nd2 a4 17. Qg4 g6 18. Rc2 Rc8 19. Rxc8+ Bxc8 20. Rc1 Ba6
21. Bxg6 fxg6 22. Qxg6+ Kd8 23. Qg7 Re8 24. Qxh6 b4 25. h4 Bd3 26. Nf3 Rg8
27. Bg5 Bf5 28. g4 Bd3 29. Bxe7+ Kxe7 30. Ng5 Bg6 31. Nf3 Be4 32. Ng5 Bg6
33. Nf3 Be4 34. Kh2 b3 35. axb3 Qxb3 36. Rc6 Bg6 37. Qg5+ Kf7 38. Rc7 1-0

[Event "11th dMP Batavia GM 2019"]
[Site "Amsterdam NED"]
[Date "2019.03.04"]
[Round "4"]
[White "Kuipers,S"]
[Black "Van der Wiel,J"]
[Result "1/2-1/2"]
[WhiteElo "2455"]
[BlackElo "2394"]
[EventDate "2019.02.28"]

1. e4 c5 2. Nf3 Nc6 3. d4 cxd4 4. Nxd4 e5 5. Nb5 d6 6. c4 Be7 7. N1c3 a6 8.
Na3 Be6 9. Be2 Bg5 10. O-O Bxc1 11. Rxc1 Nge7 12. Nc2 Ng6 13. g3 O-O 14.
Qd2 Qb6 15. b3 Rad8 16. Nd5 Qa7 17. Nde3 Nge7 18. Bf3 b5 19. Be2 bxc4 20.
Bxc4 Bxc4 21. bxc4 Qc5 22. Rfd1 Kh8 23. Qd3 g6 24. Qa3 Qxa3 25. Nxa3 Nd4
26. Kf1 Ne6 27. Rb1 Nc5 28. Rb6 Nxe4 29. f3 Nc5 30. Rdxd6 Rxd6 31. Rxd6 Rb8
32. Nd5 Nf5 33. Rb6 Rxb6 34. Nxb6 Kg7 35. Nd5 Nd6 36. Ke2 f6 37. Kd2 Kf7
38. Kc3 Ke6 39. Nb1 a5 40. Nd2 Na4+ 41. Kb3 Nc5+ 42. Kc3 Na4+ 43. Kb3 Nc5+
1/2-1/2

[Event "11th dMP Batavia GM 2019"]
[Site "Amsterdam NED"]
[Date "2019.03.04"]
[Round "4"]
[White "Warmerdam,Max"]
[Black "Pijpers,A"]
[Result "1/2-1/2"]
[WhiteElo "2450"]
[BlackElo "2490"]
[EventDate "2019.02.28"]

1. d4 d5 2. c4 c6 3. Nf3 Nf6 4. e3 Bg4 5. h3 Bf5 6. g4 Bg6 7. Ne5 Nbd7 8.
Nxg6 hxg6 9. Nc3 e6 10. g5 Ne4 11. Nxe4 dxe4 12. h4 Bb4+ 13. Bd2 Qa5 14. a3
Bxd2+ 15. Qxd2 Qxd2+ 16. Kxd2 f5 17. c5 Ke7 18. b4 a6 19. Be2 e5 20. Kc3
exd4+ 21. exd4 Nf8 22. Bc4 Ne6 23. d5 cxd5 24. Bxd5 Rab8 25. Rad1 Nf4 26.
Rd2 b6 27. cxb6 Rxb6 28. Bc4 Rc8 29. Kb3 Rbc6 30. Rd4 Ne6 31. Bxe6 Kxe6 32.
f4 Rc3+ 33. Ka4 Rd3 34. Rxd3 exd3 35. Rd1 Rc3 36. b5 axb5+ 37. Kb4 Rc4+ 38.
Kxb5 Rxf4 39. Rxd3 Rxh4 40. a4 f4 41. a5 Rg4 42. a6 Rxg5+ 43. Kb4 Rf5 44.
a7 Rf8 45. Ra3 Ra8 46. Kc4 g5 47. Kd3 g4 48. Ke4 g5 49. Ra6+ Kf7 50. Kd3 g3
51. Ke2 g2 52. Kf2 f3 53. Ra3 g4 54. Ra4 g3+ 55. Kg1 Ke6 56. Re4+ Kd5 57.
Rd4+ Kc6 58. Rc4+ Kb6 59. Rb4+ Kxa7 60. Rb7+ Kxb7 1/2-1/2

[Event "11th dMP Batavia GM 2019"]
[Site "Amsterdam NED"]
[Date "2019.03.04"]
[Round "4"]
[White "Meissner,F"]
[Black "Lopez,Ja"]
[Result "1/2-1/2"]
[WhiteElo "2378"]
[BlackElo "2388"]
[EventDate "2019.02.28"]

1. e4 e6 2. d3 d5 3. Qe2 dxe4 4. dxe4 e5 5. Nf3 Nc6 6. c3 Bd6 7. Nbd2 Nf6
8. Nc4 Qe7 9. Qc2 Be6 10. Ng5 O-O 11. Ne3 Rfd8 12. Nxe6 Qxe6 13. Bc4 Qe8
14. O-O Ne7 15. a4 c6 16. a5 b5 17. axb6 axb6 18. Rxa8 Rxa8 19. Rd1 Bc7 20.
g3 Rd8 21. Be2 Rxd1+ 22. Bxd1 Nc8 23. Nf5 Nd6 24. Nxd6 Bxd6 25. Be3 Bc7 26.
Qa4 h6 27. Qa7 Qd8 28. Bf3 c5 29. Qb7 Kf8 30. Be2 Kg8 31. h3 Kf8 32. Kg2
Kg8 33. Bc4 Ne8 34. Qc6 Nd6 35. Ba2 Kf8 36. b4 cxb4 37. cxb4 Qb8 38. Bd5
Qd8 39. h4 Kg8 40. Bb3 Kh7 41. h5 f6 42. Be6 Kh8 43. Bg4 Qb8 44. f3 Kg8 45.
Be6+ Kh8 46. Bd5 Kh7 47. g4 Qd8 48. Bf2 Nc8 49. Bb3 Ne7 50. Qc4 Qd7 51. b5
Qd8 52. Qe6 Bd6 53. Qc4 Ba3 54. Qe6 Bd6 55. Qc4 Ba3 56. Qe6 1/2-1/2

[Event "11th dMP Batavia GM 2019"]
[Site "Amsterdam NED"]
[Date "2019.03.04"]
[Round "4"]
[White "Arutinian,D"]
[Black "Leenhouts,K"]
[Result "1/2-1/2"]
[WhiteElo "2552"]
[BlackElo "2443"]
[EventDate "2019.02.28"]

1. Nf3 Nf6 2. c4 c5 3. Nc3 d5 4. cxd5 Nxd5 5. e3 e6 6. d4 cxd4 7. exd4 Nxc3
8. bxc3 Qc7 9. Bd2 Nd7 10. Bd3 b6 11. O-O Bb7 12. Re1 Bd6 13. c4 O-O 14. h3
Bf4 15. Bc3 Rac8 16. Bb2 Rfd8 17. a4 Ba6 18. Ra3 Nf8 19. Qa1 f6 20. Rc3 Qf7
21. a5 bxa5 22. Qxa5 Bb7 23. Be4 Bxe4 24. Rxe4 e5 25. d5 Qg6 26. Re2 Nd7
27. Qa2 Nc5 28. Ba3 e4 29. Nd4 Be5 30. Bxc5 Rxc5 31. Nb3 Rdxd5 32. Rc1 Rxc4
33. Rce1 Qf7 34. Nd2 Rcd4 35. Nxe4 Rd1 36. Qa6 Rd8 37. g3 Rxe1+ 38. Rxe1 h5
39. h4 Qd7 40. Qe2 Qf7 41. Qa6 Qd7 42. Qa2+ Qf7 43. Qa6 1/2-1/2

[Event "11th dMP Batavia GM 2019"]
[Site "Amsterdam NED"]
[Date "2019.03.04"]
[Round "4"]
[White "Lahaye,R"]
[Black "Williams,Si1"]
[Result "1-0"]
[WhiteElo "2411"]
[BlackElo "2471"]
[EventDate "2019.02.28"]

1. Nf3 Nf6 2. c4 g6 3. g3 Bg7 4. Bg2 O-O 5. O-O d6 6. Nc3 e5 7. d3 h6 8.
Bd2 Be6 9. Qb3 Nbd7 10. Qxb7 Nc5 11. Qb4 e4 12. Nd4 exd3 13. Nxe6 fxe6 14.
Qa3 Ng4 15. exd3 Nxd3 16. Nd1 Ndxf2 17. Nxf2 Bd4 18. Be1 Rb8 19. Rd1 Qf6
20. Rxd4 Qxd4 21. Qd3 Qxd3 22. Nxd3 Ne3 23. Rxf8+ Kxf8 24. b3 Nxg2 25. Kxg2
e5 26. Ba5 Rc8 27. Nb4 c6 28. c5 Ke7 29. Nd3 e4 30. cxd6+ Kxd6 31. Nb2 Rf8
32. Bd2 h5 33. Be3 a6 34. Nc4+ Ke6 35. Bf4 Kd5 36. h4 Kd4 37. Kf2 Rf5 38.
Ke2 Kc3 39. Ke3 Kc2 40. Kxe4 Kb1 41. a4 Ka2 42. b4 Kb3 43. Nd6 Rxf4+ 44.
gxf4 Kxa4 45. Nf7 Kxb4 46. Ne5 c5 47. Nxg6 a5 48. Ne5 c4 49. f5 c3 50. f6
1-0

[Event "11th dMP Batavia GM 2019"]
[Site "Amsterdam NED"]
[Date "2019.03.05"]
[Round "5"]
[White "Lopez,Ja"]
[Black "Arutinian,D"]
[Result "1/2-1/2"]
[WhiteElo "2388"]
[BlackElo "2552"]
[EventDate "2019.02.28"]

1. d4 Nf6 2. Bf4 d5 3. e3 e6 4. Nf3 Bd6 5. Bg3 O-O 6. Nbd2 c5 7. c3 Qc7 8.
Ne5 b6 9. f4 Bb7 10. Bd3 Ne4 11. O-O f5 12. Bh4 Nd7 13. g4 Ndf6 14. h3 a5
15. Ndf3 Ba6 16. Bxa6 Rxa6 17. gxf5 exf5 18. Kh2 c4 19. Rg1 b5 20. a3 Rb6
21. Rg2 Re8 22. Bxf6 Nxf6 23. Nh4 Qc8 24. Qf3 Rf8 25. Rag1 Rb7 26. Qg3 Bxe5
27. fxe5 Ne4 28. Qf4 Qe6 29. Nf3 Rff7 30. Ng5 Nxg5 31. Qxg5 Rb8 32. Rf1 Re8
33. Rf4 Ref8 34. Kg1 Re8 35. Kh2 Ref8 36. Kh1 Re8 37. Rg1 Rb8 38. Rg2 b4
39. axb4 axb4 40. cxb4 Rxb4 41. Qd8+ Rf8 42. Qc7 Rf7 43. Qd8+ Rf8 44. Qc7
Rf7 45. Qd8+ 1/2-1/2

[Event "11th dMP Batavia GM 2019"]
[Site "Amsterdam NED"]
[Date "2019.03.05"]
[Round "5"]
[White "Van der Wiel,J"]
[Black "Meissner,F"]
[Result "0-1"]
[WhiteElo "2394"]
[BlackElo "2378"]
[EventDate "2019.02.28"]

1. e4 c5 2. Nf3 d6 3. Bb5+ Nd7 4. d4 cxd4 5. Qxd4 a6 6. Bxd7+ Bxd7 7. Bg5
Rc8 8. Nc3 h6 9. Bh4 e5 10. Bxd8 exd4 11. Ba5 dxc3 12. Bxc3 Nf6 13. Bxf6
gxf6 14. Nd4 f5 15. exf5 Bg7 16. O-O-O Bxd4 17. Rhe1+ Kf8 18. Rxd4 Bxf5 19.
Re2 Rc6 20. a4 Rg8 21. Rf4 Bd7 22. f3 Rg6 23. b3 Re6 24. Rd2 Ke7 25. Rb4 b6
26. Kb2 a5 27. Rh4 Rc5 28. g4 Rf6 29. h3 h5 30. Re2+ Kf8 31. Rd2 Bc6 32.
gxh5 Rh6 33. Rf4 Rcxh5 34. h4 Ke7 35. Rdd4 Re6 36. Rc4 Rc5 0-1

[Event "11th dMP Batavia GM 2019"]
[Site "Amsterdam NED"]
[Date "2019.03.05"]
[Round "5"]
[White "Williams,Si1"]
[Black "Kuipers,S"]
[Result "1-0"]
[WhiteElo "2471"]
[BlackElo "2455"]
[EventDate "2019.02.28"]

1. d4 d5 2. c4 c6 3. Nf3 Nf6 4. Qc2 g6 5. Bf4 Bg7 6. cxd5 Nxd5 7. Bd2 Bg4
8. Ne5 Be6 9. e4 Nf6 10. Bc3 O-O 11. Nd2 Nbd7 12. Nd3 Nb6 13. Nc5 Bc8 14.
Be2 Nfd7 15. Nd3 Qc7 16. f4 Rd8 17. a4 a5 18. O-O Nf8 19. Ne5 Nbd7 20. Nd3
Nb6 21. Ne5 Nbd7 22. Bc4 Nxe5 23. fxe5 Be6 24. Qb3 Bxc4 25. Nxc4 Ne6 26.
Ne3 Nxd4 27. Bxd4 Rxd4 28. Rxf7 Kh8 29. Raf1 Rb4 30. Qe6 Qb6 31. R1f3 Rxa4
32. Rxe7 Qd8 33. Rff7 Ra1+ 34. Kf2 Qg8 35. Nc4 1-0

[Event "11th dMP Batavia GM 2019"]
[Site "Amsterdam NED"]
[Date "2019.03.07"]
[Round "6"]
[White "Meissner,F"]
[Black "Williams,Si1"]
[Result "0-1"]
[WhiteElo "2378"]
[BlackElo "2471"]
[EventDate "2019.02.28"]

1. d4 Nf6 2. c4 g6 3. Nc3 Bg7 4. e4 O-O 5. Nf3 d6 6. Be2 Nbd7 7. h3 e5 8.
d5 Nc5 9. Qc2 a5 10. g4 c6 11. Be3 Bd7 12. Nd2 Rc8 13. g5 Ne8 14. Nb3 Na6
15. h4 f5 16. f3 a4 17. Nc1 fxe4 18. fxe4 cxd5 19. Nxd5 Nc5 20. b4 axb3 21.
Nxb3 Na4 22. Qd2 Nc7 23. Nxc7 Qxc7 24. c5 Be6 25. Qxd6 Qxd6 26. cxd6 Rfd8
27. d7 Bxd7 28. Na5 Be6 29. Nxb7 Rd7 30. Na5 Nc3 31. Ba6 Ra8 32. Bc4 Bxc4
33. Nxc4 Rd3 34. Bb6 Ra4 35. Nd2 Nxe4 36. Nxe4 Rxe4+ 37. Kf2 Rd2+ 38. Kg3
Ra4 39. Rhe1 e4 40. Rab1 Be5+ 41. Kh3 Rh2+ 42. Kg4 Raxa2 43. Rxe4 Rag2+ 44.
Kf3 Rg3+ 0-1

[Event "11th dMP Batavia GM 2019"]
[Site "Amsterdam NED"]
[Date "2019.03.07"]
[Round "6"]
[White "Arutinian,D"]
[Black "Van der Wiel,J"]
[Result "0-1"]
[WhiteElo "2552"]
[BlackElo "2394"]
[EventDate "2019.02.28"]

1. Nf3 d5 2. e3 Nf6 3. c4 e6 4. b3 c5 5. Bb2 Nc6 6. cxd5 exd5 7. Nc3 d4 8.
Na4 Bd7 9. Rc1 dxe3 10. dxe3 b6 11. Bb5 Be7 12. O-O O-O 13. Qe2 Nb4 14.
Rfd1 Bxb5 15. Qxb5 Qe8 16. Qxe8 Rfxe8 17. a3 Nbd5 18. e4 Nf4 19. e5 Ne2+
20. Kf1 Nxc1 21. exf6 Nxb3 22. fxe7 Rxe7 23. Nc3 Ree8 24. Nb5 Rad8 25. Rxd8
Rxd8 26. Nxa7 Nd2+ 27. Nxd2 Rxd2 28. Be5 f6 29. Bc7 Rb2 30. a4 Rb4 31. Ke2
Kf7 32. Nc8 Rxa4 33. Nxb6 Rd4 34. Bg3 Ke6 35. Na8 Kd5 36. f3 Kc6 37. Nc7
Rd7 38. Na6 Kb6 39. Nxc5 Kxc5 40. h4 Kc4 41. Bf4 Rd4 42. g3 Rd7 43. g4 Kc3
44. h5 Re7+ 45. Be3 g6 46. hxg6 hxg6 47. Kf2 Kd3 48. Bc5 Re6 49. Ba7 Rc6
50. Kf1 Rc1+ 51. Kf2 Rc2+ 52. Kf1 Rc1+ 53. Kf2 Rc2+ 54. Kf1 f5 55. gxf5
gxf5 56. Bb6 f4 57. Ba7 Rb2 58. Bc5 Rb5 59. Ba7 Ra5 60. Bb6 Ra6 61. Bc5 Kc4
62. Bf2 Ra1+ 63. Ke2 Ra2+ 64. Ke1 Rxf2 65. Kxf2 Kd3 0-1

[Event "11th dMP Batavia GM 2019"]
[Site "Amsterdam NED"]
[Date "2019.03.07"]
[Round "6"]
[White "Warmerdam,Max"]
[Black "Lopez,Ja"]
[Result "1/2-1/2"]
[WhiteElo "2450"]
[BlackElo "2388"]
[EventDate "2019.02.28"]

1. e4 c6 2. d4 d5 3. exd5 cxd5 4. Bd3 Nc6 5. c3 Nf6 6. Bf4 Bg4 7. Qb3 Qc8
8. Nd2 e6 9. Ngf3 Be7 10. O-O O-O 11. Rae1 Bh5 12. Ne5 Nxe5 13. dxe5 Nd7
14. c4 Bg6 15. Bxg6 hxg6 16. cxd5 Nc5 17. Qe3 exd5 18. Rc1 Qf5 19. Bg3 b6
20. Nf3 Ne6 21. Nd4 Nxd4 22. Qxd4 Rfd8 23. Rfd1 Bc5 24. Qd3 Qe6 25. Rc2 a5
26. a4 Rd7 27. h3 Re8 28. Kh2 Qc6 29. b3 Qe6 30. Qf3 d4 31. Rd3 Rd5 32. Rc1
Kf8 33. Qe4 Kg8 34. f4 Qf5 35. Qxf5 gxf5 36. Bf2 Re6 37. Rcd1 f6 38. Bxd4
Bxd4 39. Rxd4 Rxd4 40. Rxd4 fxe5 41. fxe5 Rxe5 42. Rd6 b5 43. Ra6 bxa4 44.
bxa4 Kh7 45. h4 g6 1/2-1/2

[Event "11th dMP Batavia GM 2019"]
[Site "Amsterdam NED"]
[Date "2019.03.08"]
[Round "7"]
[White "Leenhouts,K"]
[Black "Lahaye,R"]
[Result "1-0"]
[WhiteElo "2443"]
[BlackElo "2411"]
[EventDate "2019.02.28"]

1. d4 d5 2. c4 e6 3. Nf3 c6 4. g3 Nd7 5. Bg2 a6 6. O-O dxc4 7. Qc2 b5 8.
Ne5 Nxe5 9. dxe5 Bd7 10. b3 cxb3 11. axb3 Ne7 12. Bg5 Qc7 13. Nc3 b4 14.
Nb5 Qxe5 15. Qd3 f6 16. Bf4 Qxb5 17. Qxb5 cxb5 18. Bxa8 Nf5 19. Rxa6 Nd4
20. Be3 Nxe2+ 21. Kg2 Nc3 22. Bf3 e5 23. Ra8+ Kf7 24. Ra7 Ke8 25. Rfa1 e4
26. Bh5+ g6 27. Rb7 gxh5 28. Raa7 Nd5 29. Rxd7 Nxe3+ 30. fxe3 Bc5 31. Rab7
Bxe3 32. Rg7 1-0

[Event "11th dMP Batavia GM 2019"]
[Site "Amsterdam NED"]
[Date "2019.03.08"]
[Round "7"]
[White "Williams,Si1"]
[Black "Arutinian,D"]
[Result "1/2-1/2"]
[WhiteElo "2471"]
[BlackElo "2552"]
[EventDate "2019.02.28"]

1. d4 Nf6 2. Nf3 e6 3. Bg5 c5 4. d5 Qa5+ 5. c3 Nxd5 6. e4 Nf6 7. e5 h6 8.
Bh4 Ne4 9. Bd3 d5 10. Bxe4 dxe4 11. Nfd2 Bd7 12. Nxe4 Bc6 13. Nbd2 Qc7 14.
O-O Nd7 15. f4 c4 16. Qe2 Bd5 17. b3 Nc5 18. bxc4 Bxe4 19. Nxe4 Nxe4 20.
Qxe4 Bc5+ 21. Kh1 O-O 22. Rad1 Rac8 23. f5 Qc6 24. Qg4 exf5 25. Rxf5 Qg6
26. Qf3 Qe6 27. Qe4 Be3 28. Rf3 Rxc4 29. Qxb7 Rxh4 30. Rxe3 Ra4 31. Qd5
Rxa2 32. h3 Ra3 33. Qxe6 fxe6 34. Rd6 Rc8 1/2-1/2

[Event "11th dMP Batavia GM 2019"]
[Site "Amsterdam NED"]
[Date "2019.03.08"]
[Round "7"]
[White "Kuipers,S"]
[Black "Meissner,F"]
[Result "0-1"]
[WhiteElo "2455"]
[BlackElo "2378"]
[EventDate "2019.02.28"]

1. e4 g6 2. d4 Bg7 3. Nc3 d6 4. Be3 a6 5. Qd2 Nd7 6. h4 h6 7. h5 g5 8. f4
gxf4 9. Bxf4 b5 10. O-O-O Nb6 11. Nf3 Nf6 12. e5 Nfd5 13. Nxd5 Nxd5 14. Bd3
Be6 15. Nh4 Qd7 16. g4 b4 17. Bf5 Qa4 18. Bxe6 fxe6 19. Kb1 Rb8 20. Ka1 Rb5
21. Rh3 Ra5 22. a3 Kd7 23. Bh2 Rb8 24. Ng6 Qc6 25. Qc1 Nc3 26. Rdd3 Qd5 27.
Rxc3 bxc3 28. Rxc3 Qxd4 29. Bf4 Rab5 30. Qh1 Rd5 31. Qh4 Qg1+ 32. Ka2 Bf6
33. exf6 Rd1 34. b4 Ra1+ 35. Kb3 Qb1+ 36. Kc4 Qf1+ 37. Kb3 a5 38. Ne5+ dxe5
39. Rd3+ Kc6 40. Bxe5 Qb1+ 41. Kc3 Rxa3+ 42. Kd2 Rxd3+ 43. cxd3 Qxb4+ 44.
Ke2 exf6 45. Bxf6 Rg8 46. Qh1+ Kd7 47. g5 Qg4+ 48. Ke3 Qg3+ 49. Ke2 Rxg5
50. Bxg5 Qxg5 51. Qf3 Qf5 52. Qh1 Qg4+ 53. Kd2 Qf4+ 54. Kc2 a4 55. Qg1 Kd6
56. Qa7 Qb4 57. Qa8 Qb3+ 58. Kd2 Kd7 59. Qf8 a3 60. Qxh6 Qb2+ 61. Kd1 a2
0-1

[Event "11th dMP Batavia GM 2019"]
[Site "Amsterdam NED"]
[Date "2019.03.08"]
[Round "7"]
[White "Lopez,Ja"]
[Black "Pijpers,A"]
[Result "1/2-1/2"]
[WhiteElo "2388"]
[BlackElo "2490"]
[EventDate "2019.02.28"]

1. d4 Nf6 2. c4 g6 3. Nc3 Bg7 4. e4 d6 5. Nf3 O-O 6. Be2 e5 7. O-O Nc6 8.
d5 Ne7 9. Ne1 Nd7 10. f3 f5 11. Nd3 f4 12. Bd2 g5 13. Rc1 Ng6 14. c5 Nf6
15. Nb5 Rf7 16. cxd6 cxd6 17. Qc2 Ne8 18. a4 h5 19. Nf2 a6 20. Na3 Nh4 21.
Qb3 Bf8 22. Rc2 Bd7 23. a5 Rb8 24. Be1 Qf6 25. h3 Rh7 26. Bxa6 g4 27. fxg4
f3 28. g3 Ng2 29. Bb5 Nxe1 30. Rxe1 h4 31. Bxd7 hxg3 32. Bf5 gxf2+ 33. Rxf2
Rxh3 34. Rxf3 Qh4 35. Be6+ Kg7 36. Rxh3 Qxe1+ 37. Kg2 Qe2+ 38. Kg3 Nf6 39.
Bf5 Qe1+ 40. Kg2 1/2-1/2

[Event "11th dMP Batavia GM 2019"]
[Site "Amsterdam NED"]
[Date "2019.03.09"]
[Round "8"]
[White "Leenhouts,K"]
[Black "Lopez,Ja"]
[Result "1/2-1/2"]
[WhiteElo "2443"]
[BlackElo "2388"]
[EventDate "2019.02.28"]

1. d4 d5 2. c4 dxc4 3. Nf3 a6 4. g3 b5 5. Bg2 Bb7 6. a4 e6 7. O-O Nf6 8.
Nc3 b4 9. Nb1 c5 10. Nbd2 cxd4 11. Nxc4 Bc5 12. Bg5 O-O 13. Rc1 Nbd7 14.
Nxd4 Bxg2 15. Kxg2 Rc8 16. Nb3 Be7 17. Qd3 Nc5 18. Nxc5 Rxc5 19. Qxd8 Rxd8
20. Be3 Rcc8 21. Ne5 Nd5 22. Nc6 Re8 23. Bd2 Bf6 24. e4 Ne7 25. Nxb4 a5 26.
Na6 Bxb2 27. Rxc8 Rxc8 28. Rb1 Bc3 29. Bxc3 Rxc3 30. Rb5 Nc6 31. Nb8 h6 32.
Nxc6 Rxc6 33. Rxa5 g5 34. Kf3 Rc3+ 35. Ke2 Kg7 36. Ra7 Kg6 37. a5 Ra3 38.
a6 h5 39. Kd2 h4 40. Kc2 hxg3 41. hxg3 Kf6 42. Kb2 Ra5 43. Kb3 g4 44. Kb4
Ra1 45. Kb5 Rb1+ 46. Kc6 Ra1 47. Kd6 Rd1+ 48. Kc5 Ra1 49. Kd4 Ra4+ 50. Ke3
Ra3+ 51. Kf4 Rf3+ 52. Kxg4 Rxf2 53. Rc7 Kg6 54. e5 Ra2 55. a7 Ra4+ 56. Kf3
f6 57. exf6 Kxf6 58. Ke3 e5 59. Kd3 e4+ 60. Kc3 Kf5 61. Re7 Kf6 62. Rb7 Kf5
63. Kb3 Ra1 64. Kc4 Kg4 65. Kd5 e3 66. Re7 e2 67. Rxe2 Rxa7 1/2-1/2

[Event "11th dMP Batavia GM 2019"]
[Site "Amsterdam NED"]
[Date "2019.03.09"]
[Round "8"]
[White "Pijpers,A"]
[Black "Van der Wiel,J"]
[Result "1-0"]
[WhiteElo "2490"]
[BlackElo "2394"]
[EventDate "2019.02.28"]

1. e4 c5 2. Nc3 Nc6 3. Nge2 e5 4. Ng3 g6 5. Bc4 h5 6. O-O h4 7. Nge2 h3 8.
g3 d6 9. Nd5 Bg7 10. d3 Nh6 11. Bd2 f5 12. Ne3 f4 13. Nd5 g5 14. Nec3 Nd4
15. Nb5 Nxb5 16. Bxb5+ Kf8 17. a4 Ng4 18. Bc4 Nf6 19. a5 Rb8 20. b4 Bg4 21.
f3 Be6 22. Nxf6 Qxf6 23. Bxe6 Qxe6 24. g4 Kf7 25. c4 Rhc8 26. Qa4 Bf6 27.
Rfb1 Bd8 28. Kf2 b6 29. axb6 Bxb6 30. b5 Rc7 31. Qd1 Qc8 32. Ra6 Ke6 33.
Rba1 Rcb7 34. Ke2 Qc7 35. Ba5 Kf6 36. Ra2 Ke6 37. Qa1 Kf6 38. Bxb6 axb6 39.
Ra8 Rxa8 40. Rxa8 Kg7 41. Qa6 Kh7 42. Kd2 Kg7 43. Kc2 Kh7 44. Kb2 Kg7 45.
Qa1 Rb8 46. Ra7 Rb7 47. Ra6 Qb8 48. Qf1 Ra7 49. Kb3 Qc7 50. Qxh3 Rxa6 51.
bxa6 b5 52. Qh5 Qa5 53. Qxg5+ Kf7 54. Qf5+ Ke7 55. Qh7+ Kf8 56. a7 Qa4+ 57.
Kb2 Qb4+ 58. Kc2 Qa4+ 59. Kd2 Qa2+ 60. Ke1 Qb1+ 61. Kf2 Qc2+ 62. Kg1 Qd1+
63. Kg2 Qe2+ 64. Kh3 1-0